<?xml version="1.0" encoding="UTF-8"?>
<collection xmlns="http://www.loc.gov/MARC21/slim">
 <record>
  <leader>05013nam a2200349 a 4500</leader>
  <controlfield tag="001">kal2059</controlfield>
  <controlfield tag="003">Gr-AtHEAL</controlfield>
  <controlfield tag="005">20160505104251.0</controlfield>
  <controlfield tag="006">m        d        </controlfield>
  <controlfield tag="008">160413s2015    gr      s           gre|c</controlfield>
  <datafield tag="020" ind1=" " ind2=" ">
   <subfield code="a">9789606031328</subfield>
  </datafield>
  <datafield tag="040" ind1=" " ind2=" ">
   <subfield code="a">GR-AtHEAL</subfield>
   <subfield code="b">gre</subfield>
   <subfield code="c">GR-AtHEAL</subfield>
  </datafield>
  <datafield tag="082" ind1="0" ind2="4">
   <subfield code="a">910</subfield>
   <subfield code="2">23</subfield>
  </datafield>
  <datafield tag="100" ind1="1" ind2=" ">
   <subfield code="a">Ηλιοπούλου, Πολυξένη.</subfield>
   <subfield code="8">2234</subfield>
  </datafield>
  <datafield tag="245" ind1="1" ind2="0">
   <subfield code="a">Γεωγραφική ανάλυση</subfield>
   <subfield code="h">[Ηλεκτρονικός πόρος] </subfield>
   <subfield code="c">Ηλιοπούλου, Πολυξένη ; Κριτικός αναγνώστης,Κίτσος, Χρήστος ; Τεχνική επιμέλεια,Τσιώνης, Ηλίας ; Τεχνική επιμέλεια,Στρατάκης, Παναγιώτης ; Τεχνική επιμέλεια,Καράλη, Γεωργία.</subfield>
  </datafield>
  <datafield tag="260" ind1=" " ind2=" ">
   <subfield code="a">Αθήνα :</subfield>
   <subfield code="b">Σύνδεσμος Ελληνικών Ακαδημαϊκών Βιβλιοθηκών,</subfield>
   <subfield code="c">c2015.</subfield>
  </datafield>
  <datafield tag="490" ind1=" " ind2=" ">
   <subfield code="a">Ακαδημαϊκά Ηλεκτρονικά Συγγράμματα και Βοηθήματα Κάλλιπος</subfield>
   <subfield code="8">40</subfield>
  </datafield>
  <datafield tag="520" ind1=" " ind2=" ">
   <subfield code="a">Η «Γεωγραφική Ανάλυση» είναι η μελέτη των γεωγραφικών κατανομών με έμφαση στον προσδιορισμό χωρικών προτύπων, την ερμηνεία των διαδικασιών που τα προκαλούν και τη γενίκευσή τους. Στο βιβλίο παρουσιάζονται εφαρμογές της Περιγραφικής και Επαγωγικής Στατιστικής στην ανάλυση γεωγραφικών δεδομένων, καθώς και επεκτάσεις των μεθόδων αυτών οι οποίες διεξάγονται σε περιβάλλον Συστημάτων Γεωγραφικών Πληροφοριών (GIS). Απευθύνεται κυρίως σε προπτυχιακούς φοιτητές κατεύθυνσης Τοπογραφίας και Γεωπληροφορικής αλλά και σε φοιτητές άλλων ειδικοτήτων οι οποίοι διδάσκονται θέματα ανάλυσης του γεωγραφικού χώρου. Πρόκειται για βιβλίο με περιορισμένους μαθηματικούς συμβολισμούς με έμφαση περισσότερο στην ουσιαστική κατανόηση των εννοιών και των τεχνικών. Επομένως μπορεί να χρησιμοποιηθεί από μη εξειδικευμένους αναγνώστες ως αφετηρία για περαιτέρω εμβάθυνση. Από το μεγάλο εύρος των στατιστικών μεθόδων γίνεται επιλογή των συνηθέστερων από την άποψη της διεξαγωγής εμπειρικής έρευνας. Στο βιβλίο, η κλασική γεωγραφική ανάλυση συνδυάζεται με τις σύγχρονες μεθόδους χωρικής ανάλυσης σε περιβάλλον Γεωγραφικών Συστημάτων Πληροφοριών (GIS). Αναπτύσσονται εφαρμογές για γεωγραφικά δεδομένα σε πίνακες καθώς και για χαρτογραφικά δεδομένα.Το βιβλίο περιλαμβάνει μεγάλο αριθμό πινάκων, διαγραμμάτων, χαρτών και σχημάτων, ενώ σε όλα τα κεφάλαια υπάρχουν αναλυτικά παραδείγματα με την επίλυσή τους. Επίσης, έχει αναπτυχθεί σειρά από βίντεο, στα οποία παρουσιάζεται η διαδικασία επίλυσης βασικών εφαρμογών, σε λογισμικό στατιστικής ανάλυσης και σε περιβάλλον GIS</subfield>
  </datafield>
  <datafield tag="650" ind1=" " ind2="0">
   <subfield code="a">Spatial analysis (Statistics).</subfield>
   <subfield code="8">2766</subfield>
  </datafield>
  <datafield tag="650" ind1=" " ind2="0">
   <subfield code="a">Geography</subfield>
   <subfield code="8">2767</subfield>
  </datafield>
  <datafield tag="653" ind1=" " ind2=" ">
   <subfield code="a">Μέθοδοι ταξινόμησης</subfield>
  </datafield>
  <datafield tag="653" ind1=" " ind2=" ">
   <subfield code="a">Χωρική παλινδρόμηση</subfield>
  </datafield>
  <datafield tag="653" ind1=" " ind2=" ">
   <subfield code="a">Συστήματα γεωγραφικών πληροφοριών</subfield>
  </datafield>
  <datafield tag="653" ind1=" " ind2=" ">
   <subfield code="a">Χωρική στατιστική</subfield>
  </datafield>
  <datafield tag="653" ind1=" " ind2=" ">
   <subfield code="a">Γεωγραφική ανάλυση</subfield>
  </datafield>
  <datafield tag="653" ind1=" " ind2=" ">
   <subfield code="a">Τεχνολογία και επιστήμες μηχανικών</subfield>
   <subfield code="a">Επιστήμες αγρονόμου-τοπογράφου μηχανικού</subfield>
   <subfield code="a">Γεωγραφία και ανάλυση του χώρου</subfield>
  </datafield>
  <datafield tag="700" ind1="1" ind2=" ">
   <subfield code="a">Κίτσος, Χρήστος</subfield>
   <subfield code="e">Κριτικός αναγνώστης</subfield>
   <subfield code="8">2235</subfield>
  </datafield>
  <datafield tag="856" ind1="4" ind2="0">
   <subfield code="u">http://hdl.handle.net/11419/2059</subfield>
   <subfield code="z">Πλήρες Κείμενο - Full text</subfield>
  </datafield>
  <datafield tag="907" ind1=" " ind2=" ">
   <subfield code="a">.b25678619</subfield>
   <subfield code="b">12-06-18</subfield>
   <subfield code="c">29-07-16</subfield>
  </datafield>
  <datafield tag="949" ind1=" " ind2=" ">
   <subfield code="0">0</subfield>
   <subfield code="1">0</subfield>
   <subfield code="2">ddc</subfield>
   <subfield code="4">0</subfield>
   <subfield code="6">910_000000000000000_ΗΛΙ</subfield>
   <subfield code="7">0</subfield>
   <subfield code="8">KALL</subfield>
   <subfield code="8">620</subfield>
   <subfield code="d">2016-04-13</subfield>
   <subfield code="r">2016-04-13</subfield>
   <subfield code="w">2016-04-13</subfield>
   <subfield code="z">910 ΗΛΙ</subfield>
   <subfield code="o">SEAB KALLIPOS</subfield>
  </datafield>
  <datafield tag="998" ind1=" " ind2=" ">
   <subfield code="a">80</subfield>
   <subfield code="a">01</subfield>
   <subfield code="a">02</subfield>
   <subfield code="a">03</subfield>
   <subfield code="a">04</subfield>
   <subfield code="a">05</subfield>
   <subfield code="a">06</subfield>
   <subfield code="a">07</subfield>
   <subfield code="a">08</subfield>
   <subfield code="a">09</subfield>
   <subfield code="a">10</subfield>
   <subfield code="a">11</subfield>
   <subfield code="a">12</subfield>
   <subfield code="a">13</subfield>
   <subfield code="a">14</subfield>
   <subfield code="a">15</subfield>
   <subfield code="a">16</subfield>
   <subfield code="a">17</subfield>
   <subfield code="a">18</subfield>
   <subfield code="a">19</subfield>
   <subfield code="a">20</subfield>
   <subfield code="a">21</subfield>
   <subfield code="a">22</subfield>
   <subfield code="a">23</subfield>
   <subfield code="a">24</subfield>
   <subfield code="a">25</subfield>
   <subfield code="a">26</subfield>
   <subfield code="b">10-05-17</subfield>
   <subfield code="c">m</subfield>
   <subfield code="d">z  </subfield>
   <subfield code="e">-</subfield>
   <subfield code="f">gre</subfield>
   <subfield code="g">gr </subfield>
   <subfield code="h">0</subfield>
  </datafield>
  <datafield tag="942" ind1=" " ind2=" ">
   <subfield code="2">ddc</subfield>
   <subfield code="c">KALLIPOS</subfield>
  </datafield>
 </record>
</collection>
